00458 2200181 4500001002100000008004100021035002000062245004100082100002100123260002800144300002400172020002200196084001400218082000800232990001200240990001200252990001200264INLIS000000000002747 IND  a0010-0925000094 aMatematika Kelas XcB.K, Noormandiri aB.K, Noormandiri aJakartabErlanggac2021 a380c(17,5 x 25 cm) a978-623-266-621-4 a510 NOO b a510 a0754965 a0754966 a0754967